| 000 | 01021nac a22003494a 4500 | ||
|---|---|---|---|
| 001 | UByD003045 | ||
| 003 | AR-LpoUNG | ||
| 005 | 20240823093737.0 | ||
| 008 | 240808s2023||||ag abdog 000|0 spa d | ||
| 020 | _a9789506586041 | ||
| 040 |
_aAR-LpoUNG _bspa _eaacr |
||
| 041 | 0 | _aspa | |
| 044 | _aag | ||
| 082 | 0 | _aR911.82 432v5 | |
| 100 | 1 |
_aVelázquez, Guillermo _edir. |
|
| 245 | 1 | 0 |
_aAtlas histórico y geográfico de la Argentina : _beconomía I |
| 250 | _a1ra. ed. | ||
| 260 |
_aTandil : _bUniversidad Nacional del Centro de la Provincia de Buenos Aires, _c2023. |
||
| 300 |
_a762 p. : _bgráfs., fot., tbls., mapas. |
||
| 650 | 4 | _aANALISIS HISTORICO | |
| 650 | 4 | _aASPECTOS ECONOMICOS | |
| 650 | 4 | _aANALISIS SOCIOLOGICO | |
| 650 | 4 | _aHISTORIA ECONOMICA | |
| 650 | 4 | _aPRODUCCION | |
| 650 | 4 | _aPRODUCCION AGROPECUARIA | |
| 650 | 4 | _aPRODUCTOS AGRICOLAS | |
| 650 | 4 | _aPRODUCTOS PESQUEROS | |
| 650 | 4 | _aPRODUCTOS DE ORIGEN ANIMAL | |
| 651 | 4 | _aARGENTINA | |
| 905 | _a14311 | ||
| 942 |
_cLSALA _2ddc |
||
| 999 |
_c65636 _d65636 |
||